वीर शिवाजी / (Record no. 90048)
[ view plain ]
| 000 -LEADER | |
|---|---|
| fixed length control field | 01339nam a22002657a 4500 |
| 005 - DATE AND TIME OF LATEST TRANSACTION | |
| control field | 20180605142445.0 |
| 008 - FIXED-LENGTH DATA ELEMENTS--GENERAL INFORMATION | |
| fixed length control field | 140804b xxu||||| |||| 00| 0 hin d |
| 010 ## - LCCN (DPL NO) | |
| LC control number | HIN-104114 राष्ट्रपति-2 B-694153 |
| 020 ## - INTERNATIONAL STANDARD BOOK NUMBER | |
| Terms of availability | 350.00 |
| International Standard Book Number | 9789380920214 |
| 035 ## - SYSTEM CONTROL NUMBER | |
| System control number | HN-76460 |
| 035 ## - SYSTEM CONTROL NUMBER | |
| System control number | B-694153 |
| 037 ## - SOURCE OF ACQUISITION | |
| Source of stock number/acquisition | DBAD / PUB |
| 037 ## - SOURCE OF ACQUISITION | |
| Source of stock number/acquisition | अनुराग |
| 040 ## - CATALOGING SOURCE | |
| Original cataloging agency | DPL |
| Language of cataloging | HN |
| 082 ## - DEWEY DECIMAL CLASSIFICATION NUMBER | |
| Classification number | 921 |
| 100 ## - MAIN ENTRY--PERSONAL NAME | |
| Personal name | सिंह, संचिता |
| 245 ## - TITLE STATEMENT | |
| Title | वीर शिवाजी / |
| Statement of responsibility, etc | संचिता सिंह |
| 246 ## - VARYING FORM OF TITLE | |
| Title proper/short title | Veer Shivaji |
| Remainder of title | by Sanchita Singh |
| 260 ## - PUBLICATION, DISTRIBUTION, ETC. (IMPRINT) | |
| Place of publication, distribution, etc | नई दिल्ली |
| Name of publisher, distributor, etc | सनशाइन बुक्स |
| Date of publication, distribution, etc | 2014 |
| -- | 2015 राष्ट्रपति-2 |
| 270 ## - ADDRESS | |
| Address | 4760-61, (द्वितीय तल) 23, अंसारी रोड, दरियागंज |
| City | नई दिल्ली |
| Postal code | 110002 |
| 300 ## - PHYSICAL DESCRIPTION | |
| Extent | 176पृ |
| Dimensions | 22सेमी (सजिल्द) |
| 500 ## - GENERAL NOTE | |
| General note | राष्ट्रपति-2 |
| 942 ## - ADDED ENTRY ELEMENTS (KOHA) | |
| Source of classification or shelving scheme | Dewey Decimal Classification |
| Item type | Hindi Books |
| Call number suffix | सिंहसं |
| Classification part | 921 |
| Withdrawn status | Lost status | Source of classification or shelving scheme | Damaged status | Not for loan | Collection code | Home library | Current library | Date acquired | Source of acquisition | Cost, normal purchase price | Total Checkouts | Full call number | Barcode | Date last seen | Copy number | Cost, replacement price | Koha item type | Public note |
|---|---|---|---|---|---|---|---|---|---|---|---|---|---|---|---|---|---|---|
| Dewey Decimal Classification | Not For Loan | Non-fiction | D.B.Act.Division | D.B.Act.Division | 14/11/2014 | DBAD / PUB | 350.00 | 921 शिंवाजी | HN-76460 | 14/11/2014 | 1 | 350.00 | Hindi Books | |||||
| Dewey Decimal Classification | Non-fiction | Mobile Library | Mobile Library | 05/06/2018 | अनुराग प्रकाशन-Bl-SPL-3349/30.5.18/458/30.5.18/31.5.18 | 350.00 | 921 सिंहसं | B-694153 | 05/06/2018 | 1 | 350.00 | Hindi Books | राष्ट्रपति भवन-2 |
